The independent midwife : a guide to independent midwifery practice (Record no. 53797)

MARC details
000 -LEADER
fixed length control field 00661nam a2200217Ia 4500
008 - FIXED-LENGTH DATA ELEMENTS--GENERAL INFORMATION
fixed length control field 191130s1997##################000#0#eng##
020 ## - INTERNATIONAL STANDARD BOOK NUMBER
ISBN 9781898507598
082 ## - DEWEY DECIMAL CLASSIFICATION NUMBER
Classification number 618.2 HOB
100 ## - MAIN ENTRY--AUTHOR NAME
Personal name Hobbs, Lesley
245 ## - TITLE STATEMENT
Title The independent midwife : a guide to independent midwifery practice
Statement of responsibility, etc Lesley Hobbs
250 ## - EDITION STATEMENT
Edition statement 2nd ed
260 ## - PUBLICATION, DISTRIBUTION, ETC. (IMPRINT)
Place of publication Hale, Cheshire, England
Name of publisher Books for Midwives Press
Year of publication 1997
300 ## - PHYSICAL DESCRIPTION
Number of Pages v, 106 p. ; 23 cm
500 ## - GENERAL NOTE
General note Includes bibliographical references (p. 80) and index
650 ## - SUBJECT ADDED ENTRY--TOPICAL TERM
Topical Term Midwifery
991 ## -
-- 62590
Holdings
Withdrawn status Lost status Damaged status Not for loan Home library Current library Shelving location Date acquired Full call number Accession Number Price effective from Koha item type
        Anna Centenary Library Anna Centenary Library 5TH FLOOR, B WING 09.10.2020 618.2 HOB 118060 09.10.2020 English Books

Find us on the map